| 000 | 00415nam a2200145Ia 4500 | ||
|---|---|---|---|
| 008 | 230917s9999||||xx |||||||||||||| ||und|| | ||
| 040 |
_e204706 _aMAIN |
||
| 041 | _aEnglish | ||
| 082 | _a338.4791 M225M | ||
| 100 | _aMclntyre, Norman, ed. | ||
| 245 | 0 | _aMultiple dwelling and tourism: Negotiating place, home and identty | |
| 260 |
_aWallingford _bCAB International _c2006 |
||
| 300 | _axii, 373 p. | ||
| 942 | _cBK | ||
| 999 |
_c175537 _d175537 |
||